000 00609nam a2200229Ia 4500
001 16886
003 GE_BSU
008 181216s||||||||xx |||||||||||||| ||und||
040 _cGE_BSU
080 _a821.353.1-31
100 _aგეგეშიძე, გურამ
245 _aსტუმარი
245 _bრომანი
245 _cრედ. მ.ჯაფარიძე
260 _aთბილისი
260 _bმერანი
260 _c1976
300 _a250გვ. ; 20სმ.
653 _aრომანი
653 _aსტუმარი
942 _cBK
999 _c49950
_d49950